Rhea Ripley Quiz (WWE)- Sprint - Statistics

General Stats
  • This quiz has been taken 230 times
  • The average score is 5 of 6
Answer Stats
Hint Answer % Correct
How old is she? 28
97%
What country was she born in? Australia
93%
What is her finisher? Riptide
90%
Who is she married to? Buddy Matthews
85%
What is her real name? Demi Bennett
85%
What brand is she signed on? Raw
79%
No matching quizzes found
Score Distribution
Percent of People with Each Score
Percentile by Number Answered
Your Score History
You have not taken this quiz